000 00451nam a2200193Ia 4500
005 20240823033912.0
008 240823s9999||||xx |||||||||||||| ||und||
020 _a81-262-0424-9
041 _aMALAYALAM
082 _A509.954 Q0
100 _aRamachandran Nair C G
245 0 _a25 Mahasasthraprathibhakal
250 _a2nd
260 _c2010
_bChintha Publi
500 _aYES
650 _aGeneral
_bGeneral
942 _cBK
999 _c196935
_d196935